000 01559nam a2200373 i 4500
001 97746
003 FINmELB
005 20241217172710.0
006 m o u
007 cr cn|||||||||
008 240422s2023 sp ob 000 0 spa d
020 _a9788419745729
_q(e-book)
035 _a(OCoLC)1431000550
040 _aFINmELB
_bspa
_erda
_cFINmELB
050 1 4 _aRC66
_bC691 2023
080 _a61(078.7)
082 0 4 _a616.09
_223
245 0 0 _aColección de casos clínicos cerrados de la Facultad de Medicina y Ciencias de la Salud :
_bUniversidad de Alcalá (2022-2023) /
_cLourdes Lledó García [y otros 3] (editores).
264 1 _aAlcalá de Henares :
_bEditorial Universidad de Alcalá,
_c2023.
300 _a1 recurso en línea (187 páginas)
336 _atexto
_btxt
_2rdamedia/spa
337 _acomputadora
_bc
_2rdamedia/spa
338 _arecurso en línea
_bcr
_2rdacarrier/spa
490 1 _aTextos universitarios. Ciencias sanitarias
504 _aContiene bibliografía.
588 _aDescripción basada en metadatos suministrados por el editor y otras fuentes.
590 _aRecurso electrónico. Santa Fe, Arg.: elibro, 2024. Disponible vía World Wide Web. El acceso puede estar limitado para las bibliotecas afiliadas a elibro.
650 4 _aMedicina
_vCasos clínicos.
655 4 _aLibros electrónicos.
700 1 _aLledó García, Lourdes,
_eeditor.
797 2 _aelibro, Corp.
830 0 _aTextos universitarios. Ciencias sanitarias.
856 4 0 _uhttps://elibro.net/ereader/politecnicointernacional/252574
999 _c97746
_d97746